000 00610nam a22002057a 4500
003 0
005 20230927140640.0
008 230927b xxu||||| |||| 00| 0 eng d
020 _a978-1-98465-927-9
050 _aBF 637
_b.T413 2022
110 _a3G E-Learning
245 _aGuidance and counselling
250 _a3rd edition
260 _aNew York
_b3G E-Learning LLC
_cc2022.
300 _axii, 436 pages :
_bcol. ill. ;
_c26 cm.
_e1 DVD.
500 _aPsychology.
504 _aIncludes bibliographical references, glossary, and index.
650 _aGuidance and counselling.
942 _2lcc
_cBK
999 _c365417
_d365417